| 000 | 00586cam a22002053a 4500 | ||
|---|---|---|---|
| 001 | 41971 | ||
| 003 | PGUSA | ||
| 005 | 20140828083939.0 | ||
| 008 | 130202s2013||||xxu|||||s|||||000 | eng d | ||
| 040 |
_aPGUSA _beng |
||
| 042 | _adc | ||
| 100 | 1 |
_aPritchett, R. T. _q(Robert Taylor), _d1828-1907 |
|
| 245 | 1 | 0 |
_aYachting Vol. 1 _h[electronic resource] / _cR. T. Pritchett |
| 260 |
_bProject Gutenberg, _c2013 |
||
| 506 | _aPublic domain in the USA. | ||
| 516 | _aElectronic text | ||
| 830 | 0 |
_aProject Gutenberg _v41971 |
|
| 856 | 4 | 0 | _uhttp://www.gutenberg.org/ebooks/41971 |
| 942 | _cEB | ||
| 999 |
_c271223 _d271223 |
||